| 000 | 00414nam a22001457a 4500 | ||
|---|---|---|---|
| 999 |
_c10037 _d10037 |
||
| 003 | GBCCL | ||
| 005 | 20241126110724.0 | ||
| 008 | 240212b ||||| |||| 00| 0 eng d | ||
| 040 | _cgbc | ||
| 082 |
_aSOU PAL _b2023 |
||
| 245 | _aEBCC Palkhuang saptuam centenary (1923-2023) souvenir | ||
| 260 |
_aPalkhuang : _bCentenary celebration committee for EBCC Palkhuang, _c2023 |
||
| 300 | _a218p. | ||
| 942 |
_2ddc _cARCH |
||